[Event "47. Ilmar Raud Memorial"]
[Site "Viljandi"]
[Date "2013.07.03"]
[Round "4"]
[White "Ehlvest, Jaan"]
[Black "Fomina, Tatjana"]
[Result "1-0"]
[WhiteElo "2623"]
[BlackElo "2222"]
[PlyCount "171"]
[EventDate "2013.??.??"]
[EventCountry "EST"]

1. c4 e5 2. g3 f5 3. Bg2 Nf6 4. a3 g6 5. Nc3 Bg7 6. e3 O-O 7. Nge2 Nc6 8. O-O
Ne7 9. d3 g5 10. f4 exf4 11. gxf4 g4 12. e4 d6 13. Ng3 h5 14. e5 dxe5 15. fxe5
Qd4+ 16. Kh1 Qxe5 17. Nb5 Qc5 18. Re1 Ned5 19. a4 c6 20. d4 Qb6 21. Nd6 f4 22.
Nxc8 Raxc8 23. Nf5 f3 24. Bf1 Ne4 25. Qc2 Rxf5 26. Qxe4 Rcf8 27. Qe6+ Kh8 28.
cxd5 cxd5 29. Qxb6 axb6 30. Bd3 f2 31. Rf1 Rf3 32. Be2 Rh3 33. Ra3 Rxa3 34.
bxa3 Bxd4 35. Bg5 Bc5 36. Bh4 Rf4 37. Bb5 Rf3 38. Kg2 Rxa3 39. Bg3 Kg7 40. Rd1
Ra2 41. Rxd5 h4 42. Bxh4 f1=Q+ 43. Kxf1 Rxh2 44. Bg3 Ra2 45. Rg5+ Kf6 46. Rxg4
Kf5 47. Bd7+ Kf6 48. Re4 Kg6 49. Re2 Ra3 50. Kg2 Kf6 51. Bh4+ Kf7 52. Be8+ Kg7
53. Bb5 Kf7 54. Bg3 Kf6 55. Rd2 Kf5 56. Rd3 Ra1 57. Rd7 Ke4 58. Rxb7 Ra2+ 59.
Kh3 Ra1 60. Rd7 Rh1+ 61. Kg2 Rg1+ 62. Kh2 Ra1 63. Bc6+ Ke3 64. Kg2 Ke2 65. Bb5+
Ke3 66. Bf2+ Ke4 67. Bc6+ Kf4 68. Rd2 Rc1 69. Bb5 Ke4 70. Ra2 Kd5 71. Bxc5 Kxc5
72. Kf3 Kb4 73. Ke4 Ka5 74. Rd2 Rh1 75. Kd5 Rc1 76. Kd6 Rh1 77. Bd7 Rh6+ 78.
Kc7 Rh7 79. Rd5+ Ka6 80. Re5 Rg7 81. Kd6 Rg1 82. Bc8+ Ka7 83. Re7+ Kb8 84. Ba6
Rb1 85. Bb5 Rc1 86. Bc6 1-0

[Event "47. Ilmar Raud Memorial"]
[Site "Viljandi"]
[Date "2013.07.03"]
[Round "4"]
[White "Krupenski, Jüri"]
[Black "Külaots, Kaido"]
[Result "1/2-1/2"]
[WhiteElo "2299"]
[BlackElo "2581"]
[PlyCount "65"]
[EventDate "2013.??.??"]
[EventCountry "EST"]

1. e4 c5 2. c3 d5 3. exd5 Qxd5 4. d4 Nf6 5. Nf3 e6 6. Bd3 Be7 7. Be3 O-O 8. O-O
Nc6 9. Qe2 cxd4 10. cxd4 b6 11. Nc3 Qh5 12. a3 Bb7 13. Ne5 Qxe2 14. Bxe2 Rfc8
15. Bf3 Na5 16. Bxb7 Nxb7 17. Rac1 Na5 18. Nb5 Nb3 19. Rc6 Nd5 20. Nxa7 Rxc6
21. Naxc6 f6 22. Nxe7+ Nxe7 23. Nf3 Nd5 24. Rd1 Rc8 25. Ne1 Kf7 26. Kf1 h5 27.
Ke2 Kg6 28. Rd3 Na5 29. Rd2 Rc1 30. Rd1 Rc4 31. Rd2 Rc1 32. Rd1 Rc4 33. Rd2
1/2-1/2

[Event "47. Ilmar Raud Memorial"]
[Site "Viljandi"]
[Date "2013.07.03"]
[Round "4"]
[White "Miezis, Normunds"]
[Black "Valner, Uku"]
[Result "1-0"]
[WhiteElo "2549"]
[BlackElo "2215"]
[PlyCount "137"]
[EventDate "2013.??.??"]
[EventCountry "EST"]

1. c4 e6 2. e4 d5 3. exd5 exd5 4. d4 Nf6 5. Nc3 Be7 6. Nf3 O-O 7. Be2 Nc6 8.
O-O Be6 9. cxd5 Nxd5 10. Re1 a6 11. Ne4 Bf5 12. Ng3 Bg6 13. Bd3 Re8 14. a3 Bf6
15. Rxe8+ Qxe8 16. Bxg6 hxg6 17. Nf1 Qe4 18. Be3 Rd8 19. Rc1 Rd7 20. b4 Nce7
21. Qb3 Nf5 22. Re1 Ndxe3 23. fxe3 g5 24. Qb1 Qxb1 25. Rxb1 Nd6 26. N3d2 g4 27.
Kf2 Bg5 28. Rc1 f5 29. g3 Re7 30. Rc5 g6 31. a4 Kf7 32. Ke2 b6 33. Rc2 Ke8 34.
Kd3 Kd7 35. Nc4 Nxc4 36. Rxc4 Kd6 37. b5 axb5 38. axb5 Ke6 39. Rc2 Kf7 40. Re2
Bh6 41. Nd2 Re8 42. Nc4 Ra8 43. Rc2 Ke6 44. Rc3 Bf8 45. e4 fxe4+ 46. Kxe4 Ra4
47. Ne3 Bd6 48. Nxg4 Rb4 49. Rf3 Bc5 50. Rf6+ Ke7 51. Rxg6 Bxd4 52. Kd5 Kd7 53.
h4 Bb2 54. Ne5+ Bxe5 55. Kxe5 Rxb5+ 56. Kf6 Rb3 57. h5 Rf3+ 58. Kg7 Ke7 59. g4
Rf7+ 60. Kh6 b5 61. Rc6 Kd7 62. Rc1 b4 63. g5 b3 64. g6 Rf3 65. g7 Rg3 66. Kh7
Kd6 67. g8=Q Rxg8 68. Kxg8 c5 69. h6 1-0

[Event "47. Ilmar Raud Memorial"]
[Site "Viljandi"]
[Date "2013.07.03"]
[Round "4"]
[White "Sõskov, Vjacheslav"]
[Black "Sepp, Olav"]
[Result "1/2-1/2"]
[WhiteElo "2278"]
[BlackElo "2442"]
[PlyCount "117"]
[EventDate "2013.??.??"]
[EventCountry "EST"]

1. Nf3 Nf6 2. e3 g6 3. b4 Bg7 4. Bb2 O-O 5. Be2 b6 6. O-O c5 7. b5 d5 8. c4 Bb7
9. cxd5 Nxd5 10. Bxg7 Kxg7 11. Qb3 Nd7 12. Na3 e5 13. d3 f5 14. Nc4 Qf6 15. Qb2
Rae8 16. Nfd2 e4 17. Qxf6+ Rxf6 18. dxe4 Nc3 19. Bf3 Bxe4 20. a4 Bxf3 21. Nxf3
f4 22. Rfe1 fxe3 23. Rxe3 Rxe3 24. fxe3 Re6 25. Ra3 Nd5 26. a5 Re7 27. axb6
N7xb6 28. Nfd2 Nxc4 29. Nxc4 Nb6 30. Na5 c4 31. Nc6 Rd7 32. Kf2 Kf6 33. Ke2 Nc8
34. Ra6 Rd6 35. Ra4 Rd5 36. Nd4 Rc5 37. Ra6+ Ke5 38. Nc6+ Ke4 39. Nxa7 Nxa7 40.
Rxa7 Rxb5 41. Re7+ Kd5 42. Rxh7 Kc5 43. Rc7+ Kb4 44. Kd2 Rg5 45. Rb7+ Kc5 46.
g3 Rh5 47. Kc3 Rxh2 48. Rc7+ Kd5 49. Rxc4 Ke5 50. g4 Rg2 51. Kd3 Kf6 52. e4 Ke5
53. Rc5+ Kf4 54. e5 Rg3+ 55. Kd4 Re3 56. Rc6 Re4+ 57. Kd3 Re3+ 58. Kd4 Re4+ 59.
Kd3 1/2-1/2

[Event "47. Ilmar Raud Memorial"]
[Site "Viljandi"]
[Date "2013.07.03"]
[Round "4"]
[White "Korstin, Maris"]
[Black "Sipilä, Vilka"]
[Result "0-1"]
[WhiteElo "2222"]
[BlackElo "2423"]
[PlyCount "60"]
[EventDate "2013.??.??"]
[EventCountry "EST"]

1. e4 c5 2. c4 Nc6 3. Nc3 e6 4. g3 Nd4 5. Bg2 Ne7 6. Nge2 Nec6 7. O-O Be7 8. d3
O-O 9. Nxd4 cxd4 10. Ne2 Rb8 11. f4 b5 12. b3 a5 13. Kh1 Ba6 14. g4 a4 15. Ng3
Qa5 16. Bd2 Bb4 17. Bxb4 Qxb4 18. g5 bxc4 19. bxc4 Qa3 20. e5 Ne7 21. Be4 Rb2
22. Qh5 Nf5 23. Nxf5 exf5 24. Rf3 fxe4 25. Rh3 h6 26. gxh6 Bb7 27. Rg3 e3+ 28.
Kg1 Qxd3 29. Rxg7+ Kh8 30. h3 Qe4 0-1

[Event "47. Ilmar Raud Memorial"]
[Site "Viljandi"]
[Date "2013.07.03"]
[Round "4"]
[White "Kuusk, Andres"]
[Black "Berzinsh, Roland"]
[Result "1/2-1/2"]
[WhiteElo "2154"]
[BlackElo "2400"]
[PlyCount "103"]
[EventDate "2013.??.??"]
[EventCountry "EST"]

1. e4 e5 2. Nf3 d6 3. d4 exd4 4. Nxd4 Nf6 5. Nc3 Be7 6. Bc4 O-O 7. O-O Re8 8.
Re1 Nbd7 9. Bg5 h6 10. Bf4 Bf8 11. a4 c6 12. a5 Nc5 13. Qf3 a6 14. h3 Ne6 15.
Nxe6 Bxe6 16. Bd3 d5 17. exd5 cxd5 18. Be5 Rc8 19. Ne2 Ne4 20. Bd4 Qh4 21. Qf4
Qd8 22. Qf3 Ng5 23. Qh5 Bb4 24. Bb6 Qf6 25. Bd4 Qd8 26. Bb6 Qf6 27. Bd4 Qe7 28.
c3 Bd6 29. Ng3 Qd7 30. Qh4 Bxh3 31. Nh5 Bf8 32. f3 Bf5 33. Bf1 Ne6 34. Be3 Bg6
35. Rad1 Bc5 36. Bxc5 Rxc5 37. Nf4 Nxf4 38. Qxf4 Rxa5 39. Re5 Rxe5 40. Qxe5 Rc5
41. c4 Qc7 42. Qe8+ Kh7 43. b4 Rc6 44. cxd5 Qb6+ 45. Kh1 Rf6 46. Qe7 Qd6 47.
Qxb7 Qg3 48. d6 Rxd6 49. Rxd6 Qxd6 50. Bxa6 Qd1+ 51. Kh2 Qe1 52. Qb8 1/2-1/2

[Event "47. Ilmar Raud Memorial"]
[Site "Viljandi"]
[Date "2013.07.03"]
[Round "4"]
[White "Akkanen, Timo"]
[Black "Krivonosov, Oleg"]
[Result "0-1"]
[WhiteElo "1751"]
[BlackElo "2471"]
[PlyCount "52"]
[EventDate "2013.??.??"]
[EventCountry "EST"]

1. Nf3 d5 2. b3 Nf6 3. Bb2 e6 4. e3 Be7 5. g4 O-O 6. Rg1 c5 7. d3 Nc6 8. Nbd2
d4 9. e4 Qc7 10. g5 Nd7 11. Bh3 b5 12. Nf1 g6 13. Bg2 e5 14. h4 c4 15. bxc4
bxc4 16. dxc4 Na5 17. N3d2 Rb8 18. Rb1 Ba6 19. Nb3 Nxc4 20. Nfd2 Ndb6 21. Bf1
Nxb2 22. Rxb2 Bxf1 23. Kxf1 Na4 24. Rb1 Nc3 25. Qc1 Nxb1 26. Qxb1 Rfc8 0-1

[Event "47. Ilmar Raud Memorial"]
[Site "Viljandi"]
[Date "2013.07.03"]
[Round "4"]
[White "Petrov, Dmitri"]
[Black "Kanep, Siim"]
[Result "0-1"]
[WhiteElo "1889"]
[BlackElo "2183"]
[PlyCount "73"]
[EventDate "2013.??.??"]
[EventCountry "EST"]

1. e4 c5 2. Nf3 d6 3. d4 cxd4 4. Nxd4 Nf6 5. Nc3 a6 6. f3 e5 7. Nb3 Be7 8. Be3
Be6 9. Qd2 O-O 10. O-O-O a5 11. Bb5 Na6 12. g4 Nc7 13. Kb1 d5 14. g5 d4 15.
gxf6 Bxf6 16. Nxd4 exd4 17. Bxd4 Bxd4 18. Qxd4 Qh4 19. Rhg1 g6 20. e5 Qxd4 21.
Rxd4 f6 22. exf6 Rxf6 23. Be2 Bf5 24. Ne4 Rc6 25. Bc4+ Kg7 26. Nd6 Be6 27. Bd3
Bxa2+ 28. Kxa2 Ne6 29. Rgg4 Nxd4 30. Rxd4 Rc7 31. Nb5 Rf7 32. Be4 Rc8 33. c3
Rc5 34. Nd6 Re7 35. Nxb7 Rh5 36. c4 Rxh2 37. c5 0-1

[Event "47. Ilmar Raud Memorial"]
[Site "Viljandi"]
[Date "2013.07.03"]
[Round "4"]
[White "Koop, Vyacheslav"]
[Black "Golubeva, Marija"]
[Result "1-0"]
[WhiteElo "2181"]
[BlackElo "1817"]
[PlyCount "77"]
[EventDate "2013.??.??"]
[EventCountry "EST"]

1. e4 c5 2. Nf3 Nc6 3. d4 cxd4 4. Nxd4 e5 5. Nb5 d6 6. N1c3 a6 7. Na3 Be7 8.
Nd5 Nf6 9. Nxe7 Qxe7 10. Bg5 O-O 11. Qd2 b5 12. c4 b4 13. Nc2 Rb8 14. Ne3 Be6
15. Nd5 Bxd5 16. cxd5 Nd4 17. Bxf6 Qxf6 18. Bxa6 Ra8 19. Qd3 Rxa6 20. Qxa6 Nc2+
21. Ke2 Nxa1 22. Rxa1 Qg6 23. Kf1 Qxe4 24. Qxd6 Qd4 25. Re1 e4 26. Qe7 Qc4+ 27.
Kg1 Qxd5 28. Qxb4 Qxa2 29. Rxe4 Rc8 30. h4 h6 31. Qd4 Qa1+ 32. Kh2 Rc1 33. Re8+
Kh7 34. Qe4+ g6 35. Qe5 Rh1+ 36. Kg3 g5 37. Rh8+ Kg6 38. Rg8+ Kh5 39. Rxg5+ 1-0

[Event "47. Ilmar Raud Memorial"]
[Site "Viljandi"]
[Date "2013.07.04"]
[Round "5"]
[White "Agopov, Mikael"]
[Black "Kovalev, Vladislav"]
[Result "1/2-1/2"]
[WhiteElo "2429"]
[BlackElo "2555"]
[PlyCount "143"]
[EventDate "2013.??.??"]
[EventCountry "EST"]
[TimeControl "40/5400+30:900+30"]

1. e4 e5 2. Nf3 Nc6 3. Bb5 a6 4. Ba4 Nf6 5. O-O Be7 6. Re1 b5 7. Bb3 d6 8. c3
O-O 9. h3 Na5 10. Bc2 c5 11. d4 Nd7 12. Nbd2 cxd4 13. cxd4 Nc6 14. Nb3 a5 15.
Be3 a4 16. Nbd2 Bf6 17. Nf1 Nb6 18. dxe5 dxe5 19. Qxd8 Bxd8 20. Bc5 Re8 21. Bd3
Ba6 22. Rac1 Nc4 23. b3 axb3 24. axb3 N4a5 25. N1d2 Nb7 26. Ba3 Re6 27. Rc2 Ba5
28. Rec1 Nbd8 29. Ra1 Rb8 30. Nf1 Bb6 31. Bc5 Bxc5 32. Rxc5 Nb4 33. Be2 f6 34.
Ne3 Rc6 35. Rac1 Rxc5 36. Rxc5 Ne6 37. Rc1 Kf7 38. Kf1 Rd8 39. Ke1 Rd7 40. Nc2
Rc7 41. Kd2 Nxc2 42. Rxc2 Rxc2+ 43. Kxc2 Bb7 44. Bxb5 Bxe4+ 45. Kc3 Bxf3 46.
gxf3 Ng5 47. Bf1 Nxf3 48. b4 Ke6 49. b5 Kd6 50. Kb4 Nd4 51. Ka5 e4 52. b6 Nb3+
53. Ka6 Nc5+ 54. Ka7 Ke5 55. b7 Nxb7 56. Kxb7 Kf4 57. Bg2 e3 58. fxe3+ Kxe3 59.
Kc6 Kf2 60. Be4 g6 61. Kd6 f5 62. Bxf5 gxf5 63. Ke5 h5 64. Kxf5 Kg3 65. h4 Kxh4
66. Kf4 Kh3 67. Kf3 h4 68. Kf2 Kh2 69. Kf1 h3 70. Kf2 Kh1 71. Kf1 h2 72. Kf2
1/2-1/2

[Event "47. Ilmar Raud Memorial"]
[Site "Viljandi"]
[Date "2013.07.04"]
[Round "5"]
[White "Lauk, Ülar"]
[Black "Khalifman, Alexander"]
[Result "1/2-1/2"]
[WhiteElo "2403"]
[BlackElo "2630"]
[PlyCount "25"]
[EventDate "2013.??.??"]
[EventCountry "EST"]
[TimeControl "40/5400+30:900+30"]

1. e4 c5 2. Nf3 Nc6 3. d4 cxd4 4. Nxd4 g6 5. Nc3 Bg7 6. Be3 Nf6 7. Bc4 O-O 8.
Bb3 a5 9. O-O Nxd4 10. Bxd4 d6 11. a4 Bd7 12. Nd5 Nxd5 13. exd5 1/2-1/2

[Event "47. Ilmar Raud Memorial"]
[Site "Viljandi"]
[Date "2013.07.04"]
[Round "5"]
[White "Sipilä, Vilka"]
[Black "Ehlvest, Jaan"]
[Result "1-0"]
[WhiteElo "2411"]
[BlackElo "2621"]
[PlyCount "101"]
[EventDate "2013.??.??"]
[EventCountry "EST"]
[TimeControl "40/5400+30:900+30"]

1. e4 e5 2. Nf3 d6 3. d4 exd4 4. Nxd4 Nf6 5. Nc3 Be7 6. Be2 O-O 7. O-O Re8 8.
f4 Bf8 9. Bf3 Nbd7 10. Re1 Nc5 11. Nb3 Nxb3 12. axb3 c6 13. Be3 d5 14. Bf2 dxe4
15. Qxd8 Rxd8 16. Nxe4 Bf5 17. Nxf6+ gxf6 18. Re2 a6 19. Bb6 Re8 20. Rae1 Rxe2
21. Rxe2 Be6 22. g4 Re8 23. f5 Bd7 24. Rd2 Bc8 25. Kf2 h5 26. h3 Bh6 27. Rd1
hxg4 28. hxg4 Bf4 29. Bd4 Kg7 30. Rg1 Bg5 31. Rd1 Bf4 32. Rd3 Bg5 33. b4 Bh4+
34. Kg2 Bg5 35. Kg3 Kg8 36. Bc5 Bc1 37. Rb3 Bg5 38. c4 Rd8 39. b5 axb5 40. cxb5
cxb5 41. Rxb5 Rd3 42. Kf2 Bd7 43. Rb6 Rd2+ 44. Kf1 Rc2 45. b4 Bc6 46. Bxc6 bxc6
47. Rxc6 Rc4 48. b5 Rxg4 49. b6 Bf4 50. b7 Kg7 51. Rd6 1-0

[Event "47. Ilmar Raud Memorial"]
[Site "Viljandi"]
[Date "2013.07.04"]
[Round "5"]
[White "Neiksans, Arturs"]
[Black "Ladva, Ottomar"]
[Result "1/2-1/2"]
[WhiteElo "2549"]
[BlackElo "2310"]
[PlyCount "97"]
[EventDate "2013.??.??"]
[EventCountry "EST"]
[TimeControl "40/5400+30:900+30"]

1. e4 c5 2. Nf3 e6 3. d4 cxd4 4. Nxd4 Nc6 5. Nc3 a6 6. Be2 d6 7. O-O Nf6 8. Be3
Be7 9. f4 O-O 10. Qe1 Nxd4 11. Bxd4 b5 12. a3 Bb7 13. Qg3 g6 14. Bd3 Nd7 15. f5
Bf6 16. Bxf6 Nxf6 17. fxe6 fxe6 18. h3 Qb6+ 19. Kh2 Qc5 20. e5 Nh5 21. Qg5
Qxe5+ 22. Qxe5 dxe5 23. Rae1 Rxf1 24. Bxf1 Rf8 25. Kg1 e4 26. g4 Nf6 27. Bg2
Rc8 28. g5 Nd5 29. Bxe4 Rc7 30. Nxd5 Bxd5 31. Bxd5 exd5 32. c3 d4 33. cxd4 Rc2
34. Re8+ Kf7 35. Ra8 Rxb2 36. Rxa6 Rd2 37. Ra7+ Ke6 38. Rxh7 Rxd4 39. Rb7 Rd5
40. h4 Kf5 41. Rb6 Kg4 42. Rxg6 Kxh4 43. Kf2 Rxg5 44. Rh6+ Kg4 45. Ke3 b4 46.
axb4 Rb5 47. Re6 Rxb4 48. Re4+ Rxe4+ 49. Kxe4 1/2-1/2

[Event "47. Ilmar Raud Memorial"]
[Site "Viljandi"]
[Date "2013.07.04"]
[Round "5"]
[White "Miezis, Normunds"]
[Black "Shvyrjov, Igor"]
[Result "1-0"]
[WhiteElo "2548"]
[BlackElo "2461"]
[PlyCount "103"]
[EventDate "2013.??.??"]
[EventCountry "EST"]
[TimeControl "40/5400+30:900+30"]

1. c4 Nf6 2. Nc3 g6 3. g3 Bg7 4. Bg2 O-O 5. e4 d6 6. Nge2 c6 7. O-O e5 8. d4 a6
9. a4 a5 10. h3 Na6 11. Be3 exd4 12. Nxd4 Re8 13. Re1 Nc5 14. Qc2 Qb6 15. Rad1
Be6 16. b3 Rad8 17. Rb1 Bc8 18. Red1 Re7 19. f3 Nfd7 20. Ndb5 d5 21. cxd5 cxb5
22. Nxb5 f5 23. Rbc1 fxe4 24. fxe4 Be5 25. d6 Rf7 26. Rd5 Bxg3 27. Rxc5 Rdf8
28. Rc3 Bf2+ 29. Qxf2 Rxf2 30. Bxb6 Nxb6 31. Rf1 Rd2 32. Rxf8+ Kxf8 33. Rc7 Be6
34. Rxb7 Nd7 35. Rc7 g5 36. Rc3 Ne5 37. Rc5 Bxh3 38. Rxe5 Rxg2+ 39. Kh1 Rd2 40.
Rxg5 Be6 41. Rg3 Kf7 42. Rf3+ Kg6 43. Kg1 Kg5 44. e5 Kg4 45. Rf6 Kg3 46. Kf1
Bg4 47. Nc3 Bf3 48. Ke1 Rd3 49. Ne2+ Kg4 50. e6 Bc6 51. Rf4+ Kg5 52. Rd4 1-0

[Event "47. Ilmar Raud Memorial"]
[Site "Viljandi"]
[Date "2013.07.04"]
[Round "5"]
[White "Shishkov, Andrei"]
[Black "Volodin, Aleksandr"]
[Result "1/2-1/2"]
[WhiteElo "2375"]
[BlackElo "2485"]
[PlyCount "36"]
[EventDate "2013.??.??"]
[EventCountry "EST"]

1. d4 Nf6 2. c4 c5 3. d5 b5 4. cxb5 a6 5. f3 axb5 6. e4 Qa5+ 7. b4 Qxb4+ 8. Bd2
Qa4 9. Qc1 b4 10. Qxc5 Na6 11. Bxa6 e6 12. d6 Bxa6 13. Bxb4 Rc8 14. Nc3 Qc2 15.
Qb6 Rc6 16. Qb8+ Rc8 17. Qb6 Rc6 18. Qb8+ Rc8 1/2-1/2

[Event "47. Ilmar Raud Memorial"]
[Site "Viljandi"]
[Date "2013.07.04"]
[Round "5"]
[White "Kveinys, Aloyzas"]
[Black "Narva, Jaan"]
[Result "1-0"]
[WhiteElo "2479"]
[BlackElo "2300"]
[PlyCount "91"]
[EventDate "2013.??.??"]
[EventCountry "EST"]

1. d4 d5 2. c4 e6 3. Nc3 Nf6 4. cxd5 exd5 5. Bg5 c6 6. e3 Be7 7. Bd3 O-O 8. Qc2
Nbd7 9. Nf3 Re8 10. h3 Nf8 11. Bf4 Be6 12. O-O Rc8 13. Rab1 Bd6 14. Bxd6 Qxd6
15. b4 a6 16. Rfc1 N8d7 17. Nd2 g6 18. a4 Re7 19. Qb2 Rce8 20. Ne2 Nb6 21. Ra1
Bd7 22. b5 axb5 23. axb5 Nc8 24. Nf3 Ne4 25. Ne5 Rxe5 26. dxe5 Rxe5 27. Bxe4
Rxe4 28. bxc6 bxc6 29. Ra6 Rb4 30. Qa3 Qf8 31. Qa5 Rb7 32. Ra8 Kg7 33. Nd4 Qe8
34. Nxc6 Bxc6 35. Qc3+ f6 36. Qxc6 Qxc6 37. Rxc6 Ne7 38. Rca6 Kf7 39. R6a7 Rxa7
40. Rxa7 h5 41. Kf1 Ke6 42. Ke2 Nf5 43. Ra6+ Ke7 44. Kd3 Nh4 45. Kd4 Nxg2 46.
Kxd5 1-0

[Event "47. Ilmar Raud Memorial"]
[Site "Viljandi"]
[Date "2013.07.04"]
[Round "5"]
[White "Külaots, Kaido"]
[Black "Koop, Vyacheslav"]
[Result "1-0"]
[WhiteElo "2581"]
[BlackElo "2181"]
[PlyCount "75"]
[EventDate "2013.??.??"]
[EventCountry "EST"]

1. e4 c5 2. Nf3 Nc6 3. Nc3 g6 4. d4 cxd4 5. Nxd4 Bg7 6. Be3 Nf6 7. Bc4 O-O 8.
Bb3 d6 9. f3 Bd7 10. Qd2 Qa5 11. h4 Rfc8 12. h5 Nxh5 13. Nde2 Ne5 14. Bh6 Nc4
15. Bxc4 Rxc4 16. Bxg7 Kxg7 17. O-O-O Be6 18. g4 Nf6 19. Qh6+ Kg8 20. g5 Nh5
21. Rxh5 gxh5 22. Qxh5 Qe5 23. f4 Qg7 24. f5 Rc5 25. Kb1 Bc4 26. Nf4 Rac8 27.
Rh1 e6 28. Qh4 exf5 29. Nh5 Qg6 30. Nf6+ Kg7 31. Qf4 Re5 32. Nd7 Rce8 33. Rh6
Rxe4 34. Rxg6+ hxg6 35. Nxe4 Rxe4 36. Qf2 Rg4 37. Qe3 Be6 38. Qc3+ 1-0

[Event "47. Ilmar Raud Memorial"]
[Site "Viljandi"]
[Date "2013.07.04"]
[Round "5"]
[White "Krivonosov, Oleg"]
[Black "Sõskov, Vjacheslav"]
[Result "0-1"]
[WhiteElo "2471"]
[BlackElo "2278"]
[PlyCount "150"]
[EventDate "2013.??.??"]
[EventCountry "EST"]

1. Nf3 c5 2. c4 Nc6 3. d4 cxd4 4. Nxd4 Nf6 5. Nc3 Qb6 6. e3 e6 7. Be2 Be7 8.
O-O O-O 9. b3 Qc7 10. Bb2 d6 11. Rc1 Ne5 12. Nf3 Ng6 13. Qd4 b6 14. Ne4 Bb7 15.
Nxf6+ Bxf6 16. Qd2 Be7 17. Rfd1 Rfd8 18. a4 Rac8 19. a5 bxa5 20. Bc3 Qb8 21.
Bxa5 Re8 22. b4 Qa8 23. Qe1 Rf8 24. Qd2 Kh8 25. Rc3 e5 26. Rdc1 f5 27. c5 dxc5
28. bxc5 Bc6 29. Ra3 Qb7 30. Raa1 Rce8 31. Rab1 Qc8 32. Bb5 f4 33. Bxc6 Qxc6
34. e4 Qxe4 35. c6 Rc8 36. c7 Qf5 37. Qd5 Ba3 38. Re1 Ne7 39. Qb5 e4 40. Nd4
Qg6 41. Qe5 e3 42. f3 Bd6 43. Qe6 Qxe6 44. Nxe6 Rf6 45. Ng5 Bxc7 46. Bxc7 Rxc7
47. Rb8+ Rc8 48. Rxc8+ Nxc8 49. g3 fxg3 50. hxg3 h6 51. Rxe3 hxg5 52. Re8+ Kh7
53. Rxc8 Rxf3 54. Kg2 Rf5 55. Kh3 Rd5 56. Rc6 a5 57. Ra6 Kg8 58. Ra7 Kh7 59.
Ra6 g6 60. Ra7+ Kg8 61. Kg4 Kf8 62. Ra6 Kf7 63. Kh3 Ke7 64. Kg4 Kd7 65. Rxg6
Kc7 66. Re6 Kb7 67. Re4 Kb6 68. Kf3 Kb5 69. Ke3 a4 70. Re8 Kb4 71. Rb8+ Rb5 72.
Ra8 a3 73. Kd2 Ra5 74. Rb8+ Kc4 75. Rc8+ Kd4 0-1

[Event "47. Ilmar Raud Memorial"]
[Site "Viljandi"]
[Date "2013.07.04"]
[Round "5"]
[White "Sepp, Olav"]
[Black "Kuusk, Andres"]
[Result "1-0"]
[WhiteElo "2442"]
[BlackElo "2154"]
[PlyCount "79"]
[EventDate "2013.??.??"]
[EventCountry "EST"]

1. g3 g6 2. Bg2 Bg7 3. e4 c5 4. f4 d6 5. Nf3 Nc6 6. O-O Nf6 7. d3 O-O 8. c3 Rb8
9. Qe2 b5 10. Rd1 Qb6 11. h3 b4 12. e5 Nd7 13. Nbd2 bxc3 14. bxc3 dxe5 15. Nc4
Qc7 16. fxe5 Ncxe5 17. Nfxe5 Nxe5 18. Bf4 f6 19. d4 cxd4 20. cxd4 g5 21. Nxe5
fxe5 22. Rac1 Qa5 23. Rc5 Ba6 24. Qg4 Qa3 25. Bxe5 Qe3+ 26. Kh2 Be2 27. Qe6+
Rf7 28. Rdc1 Rbf8 29. R1c3 Bd3 30. Qb3 Bxe5 31. Rxe5 Qxd4 32. Rd5 Qf2 33. Rcxd3
h6 34. Rd8 Kg7 35. Rxf8 Rxf8 36. Rd7 Rf7 37. Qc3+ Kg6 38. Qd3+ Kg7 39. a4 Qb6
40. Qc3+ 1-0

[Event "47. Ilmar Raud Memorial"]
[Site "Viljandi"]
[Date "2013.07.04"]
[Round "5"]
[White "Sriram, Jha"]
[Black "Starcevs, Dmitrijs"]
[Result "1-0"]
[WhiteElo "2437"]
[BlackElo "2139"]
[PlyCount "95"]
[EventDate "2013.??.??"]
[EventCountry "EST"]

1. c4 Nf6 2. Nc3 d5 3. cxd5 Nxd5 4. g3 Nb6 5. Bg2 g6 6. d3 Bg7 7. Be3 h6 8. Qd2
Nc6 9. Rc1 Nd4 10. Bxd4 Bxd4 11. Nb5 c6 12. Nxd4 Qxd4 13. Nf3 Qg7 14. O-O O-O
15. Qb4 Qf6 16. a4 Nd5 17. Qd2 Kh7 18. a5 e5 19. Rc4 Kg7 20. Re4 Re8 21. d4 Bf5
22. Rxe5 Be4 23. Re1 Rad8 24. Rxe8 Rxe8 25. Ne5 Bxg2 26. Kxg2 Rd8 27. h4 h5 28.
Nf3 a6 29. e3 Nc7 30. Qb4 Nb5 31. Ng5 Rd5 32. Qb3 Qe7 33. Ra1 f6 34. Nh3 g5 35.
Qd1 Qe4+ 36. Kh2 gxh4 37. Qg1 Kh6 38. gxh4 Qxh4 39. Qg8 Rg5 40. Qh8+ Kg6 41.
Qb8 Kh6 42. Rc1 Kh7 43. Qxb7+ Rg7 44. Qxc6 Rc7 45. Qh1 Re7 46. Rc6 Nc7 47. Qb1+
Kg7 48. Qf5 1-0

[Event "47. Ilmar Raud Memorial"]
[Site "Viljandi"]
[Date "2013.07.04"]
[Round "5"]
[White "Berzinsh, Roland"]
[Black "Sööt, Margus"]
[Result "1-0"]
[WhiteElo "2400"]
[BlackElo "2116"]
[PlyCount "45"]
[EventDate "2013.??.??"]
[EventCountry "EST"]

1. e4 c6 2. c4 d6 3. d4 Qc7 4. Nc3 e5 5. Nf3 Nd7 6. Be2 Ngf6 7. O-O Be7 8. Rb1
Nf8 9. b4 Ng6 10. Re1 O-O 11. h3 Bd7 12. Bf1 Rfd8 13. Be3 h6 14. Qb3 Nh5 15. b5
Nhf4 16. dxe5 dxe5 17. b6 Qd6 18. bxa7 Bc8 19. Na4 Qf6 20. Nb6 Rxa7 21. Nxc8
Ra3 22. Nxe7+ Qxe7 23. Qb4 1-0

[Event "47. Ilmar Raud Memorial"]
[Site "Viljandi"]
[Date "2013.07.04"]
[Round "5"]
[White "Dubrovin, Robert"]
[Black "Krupenski, Jüri"]
[Result "1/2-1/2"]
[WhiteElo "2197"]
[BlackElo "2299"]
[PlyCount "38"]
[EventDate "2013.??.??"]
[EventCountry "EST"]

1. d4 Nf6 2. c4 e6 3. Nf3 b6 4. g3 Ba6 5. Qa4 Bb7 6. Bg2 c5 7. dxc5 Bxc5 8. O-O
O-O 9. Nc3 Be7 10. Bf4 d6 11. Rfd1 a6 12. Qa3 Ne8 13. b4 Nd7 14. Qb3 Qc7 15.
Rac1 Rc8 16. Na4 Bc6 17. c5 Qb8 18. cxd6 Bxd6 19. Bxd6 Nxd6 1/2-1/2

[Event "47. Ilmar Raud Memorial"]
[Site "Viljandi"]
[Date "2013.07.04"]
[Round "5"]
[White "Bernotas, Arturs"]
[Black "Petrov, Dmitri"]
[Result "1-0"]
[WhiteElo "2181"]
[BlackElo "1889"]
[PlyCount "69"]
[EventDate "2013.??.??"]
[EventCountry "EST"]

1. e4 c5 2. Nf3 Nc6 3. Bb5 g6 4. O-O Bg7 5. Bxc6 dxc6 6. d3 e5 7. a3 Ne7 8. b4
cxb4 9. axb4 O-O 10. Nbd2 Be6 11. Ng5 Qd7 12. Bb2 h6 13. Nxe6 Qxe6 14. Ra5 b6
15. Ra6 Nc8 16. Qa1 g5 17. Nc4 Re8 18. Ne3 Bf8 19. Bc3 Nd6 20. Rxa7 Rxa7 21.
Qxa7 Nb5 22. Qa1 Nxc3 23. Qxc3 Ra8 24. Nc4 f6 25. Nxb6 Rb8 26. Qc4 Kf7 27. Qa6
Kg6 28. Qa7 Rd8 29. Rb1 h5 30. Qc7 Rd4 31. Nc4 h4 32. Ra1 Rd7 33. Qb8 Bh6 34.
Ne3 h3 35. Ra8 1-0

[Event "47. Ilmar Raud Memorial"]
[Site "Viljandi"]
[Date "2013.07.04"]
[Round "5"]
[White "Fomina, Tatjana"]
[Black "Sirosh, Ilja"]
[Result "1/2-1/2"]
[WhiteElo "2222"]
[BlackElo "2033"]
[PlyCount "120"]
[EventDate "2013.??.??"]
[EventCountry "EST"]

1. e4 c5 2. Nf3 Nc6 3. Bb5 Nf6 4. Qe2 g6 5. c3 Bg7 6. O-O O-O 7. h3 e5 8. d3
Qe7 9. Nbd2 d6 10. Rd1 a6 11. Bxc6 bxc6 12. Nf1 h6 13. Ng3 Re8 14. Nh2 a5 15.
f3 Nd7 16. Be3 Nf8 17. Ng4 h5 18. Nf2 Ne6 19. Qd2 Rb8 20. Ne2 d5 21. Qc2 Ba6
22. f4 exf4 23. Nxf4 d4 24. Bc1 c4 25. dxc4 dxc3 26. bxc3 Qc5 27. Nxe6 Rxe6 28.
Bf4 Rbe8 29. Re1 Qxc4 30. Rac1 f5 31. Re3 fxe4 32. Rd1 c5 33. Qd2 Rf8 34. g3
Rfe8 35. h4 Bf6 36. Qb2 a4 37. Nh3 Qb5 38. Qf2 Rf8 39. Qe1 Qc6 40. Rd2 Bc4 41.
Rf2 Bd3 42. Kh2 Qd5 43. Bh6 Bg7 44. Rxf8+ Bxf8 45. Bxf8 Kxf8 46. Qf2+ Kg7 47.
Nf4 Rf6 48. Re1 Qc4 49. Qb2 a3 50. Qxa3 Ra6 51. Qc1 Rxa2+ 52. Kg1 Rc2 53. Qe3
Rxc3 54. Ra1 Qf7 55. Ra5 Rc2 56. Rxc5 Rxc5 57. Qxc5 Qf6 58. Qa7+ Kh6 59. Nxd3
exd3 60. Qe3+ Kg7 1/2-1/2